[Event "Znojemska rotunda 2002"]
[Site "?"]
[Date "2002.??.??"]
[Round "6"]
[White "Kubicek, Martin"]
[Black "Parak, Dominik"]
[Result "0-1"]
[WhiteElo "1585"]
[BlackElo "1978"]
[PlyCount "78"]

1. c4 Nf6 2. Nc3 g6 3. Nf3 Bg7 4. g3 O-O 5. Bg2 d6 6. O-O c6 7. d4 Nbd7 8. e4
e5 9. d5 c5 10. Bd2 a6 11. a4 Ne8 12. Ng5 Nc7 13. f4 h6 14. Nf3 Qe7 15. Nh4
exf4 16. Bxf4 Rb8 17. Rc1 b5 18. b3 bxc4 19. bxc4 Nb6 20. Nb1 g5 21. Nf5 Bxf5
22. Bxd6 Qxd6 23. Rxf5 Nd7 24. Nd2 Ne5 25. Qh5 Rb4 26. a5 Ra4 27. h4 g4 28. Rb1
Rxa5 29. Bf1 Ra2 30. Rd1 Nf3+ 31. Rxf3 gxf3 32. Qxf3 Rb8 33. Bd3 Rbb2 34. Nf1
Qd7 35. g4 Qd6 36. Rd2 Bd4+ 37. Kh1 Rxd2 38. e5 Qxe5 39. Bh7+ Kf8 0-1

[Event "Znojemska rotunda 2002"]
[Site "?"]
[Date "2002.??.??"]
[Round "7"]
[White "Spilka, Jaroslav"]
[Black "Svoboda, Jiri"]
[Result "0-1"]
[WhiteElo "1374"]
[BlackElo "1853"]
[PlyCount "54"]

1. d4 Nf6 2. c4 g6 3. Nc3 d5 4. c5 Bg7 5. Bf4 O-O 6. Nf3 c6 7. h3 b6 8. b4 Ne4
9. Qc1 Nd7 10. e3 bxc5 11. bxc5 Qa5 12. Bd3 Nxc3 13. O-O Nf6 14. Qd2 Nfe4 15.
Bxe4 dxe4 16. Ng5 Ba6 17. Rfc1 Ne2+ 18. Kh2 Qxd2 19. Nxe4 Qxc1 20. Rxc1 Nxc1
21. a3 Nd3 22. Bg3 e5 23. dxe5 Bxe5 24. f4 f5 25. Ng5 Bb2 26. a4 Nxc5 27. a5
Rfd8 0-1

[Event "Znojemska rotunda 2002"]
[Site "?"]
[Date "2002.??.??"]
[Round "7"]
[White "Antos, Jakub"]
[Black "Blazek, Milos"]
[Result "1/2-1/2"]
[WhiteElo "1675"]
[BlackElo "2113"]
[PlyCount "98"]

1. e4 e5 2. Nf3 Nc6 3. Bb5 a6 4. Ba4 Nf6 5. O-O Be7 6. Bxc6 dxc6 7. d3 Nd7 8.
Nbd2 O-O 9. Nc4 f6 10. Qe2 Nc5 11. h3 Ne6 12. Be3 c5 13. Kh2 c6 14. Nh4 b5 15.
Nd2 Nd4 16. Bxd4 Qxd4 17. c3 Qd6 18. f4 exf4 19. Rf3 Qe5 20. Qf2 Rd8 21. Re1
Bf8 22. Kh1 g5 23. g3 gxh4 24. gxf4 Qh5 25. Rg1+ Kh8 26. Qe2 Bxh3 27. Rfg3 Qf7
28. Rxh3 Bd6 29. Rxh4 Rg8 30. a3 Rxg1+ 31. Kxg1 Rg8+ 32. Kf1 Qg6 33. Qh2 Qg7
34. Kf2 c4 35. d4 Be7 36. Rh3 Qf7 37. Nf3 a5 38. Nh4 Bf8 39. Nf5 Qg6 40. Rg3
Qf7 41. Nh6 Bxh6 42. Rxg8+ Kxg8 43. Qxh6 Qe7 44. Kf3 b4 45. axb4 axb4 46. cxb4
Qd6 47. e5 Qxd4 48. Qxf6 Qd3+ 49. Kf2 Qd2+ 1/2-1/2

[Event "Znojemska rotunda 2002"]
[Site "?"]
[Date "2002.??.??"]
[Round "7"]
[White "Holemar, David"]
[Black "Dvorak, Libor"]
[Result "1/2-1/2"]
[WhiteElo "2284"]
[BlackElo "2046"]
[PlyCount "81"]

1. d4 Nf6 2. c4 c5 3. d5 b5 4. cxb5 a6 5. bxa6 Bxa6 6. Nc3 d6 7. Nf3 g6 8. e4
Bxf1 9. Kxf1 Bg7 10. h3 O-O 11. Kg1 Nbd7 12. Kh2 Qa5 13. Re1 Rfb8 14. Re2 Ne8
15. Rc2 Nb6 16. Qe2 Qa6 17. Qxa6 Rxa6 18. Nd2 f5 19. f3 fxe4 20. fxe4 Be5+ 21.
Kh1 Nf6 22. b3 c4 23. bxc4 Na4 24. Rb1 Rxb1 25. Ncxb1 Nc5 26. Nf3 Bg3 27. Nbd2
Nd3 28. Nf1 Bf2 29. e5 dxe5 30. Nxe5 Nxe5 31. Rxf2 Nxc4 32. Bh6 Rd6 33. Rc2 Nb6
34. Ne3 Nbxd5 35. Rd2 Nxe3 36. Rxd6 exd6 37. Bxe3 Nd5 38. Bd4 Kf7 39. Kg1 Ke6
40. Kf2 Nb4 41. a4 1/2-1/2

[Event "Znojemska rotunda 2002"]
[Site "?"]
[Date "2002.??.??"]
[Round "7"]
[White "Jurica, Peter"]
[Black "Adam, Petr sr"]
[Result "0-1"]
[WhiteElo "2142"]
[BlackElo "2108"]
[PlyCount "104"]

1. Nf3 c5 2. d4 Nf6 3. g3 b6 4. Bg2 Bb7 5. c3 e6 6. O-O Be7 7. Nbd2 O-O 8. Re1
cxd4 9. Nxd4 Bxg2 10. Kxg2 Nc6 11. e4 Nxd4 12. cxd4 d5 13. e5 Nd7 14. b3 b5 15.
Bb2 Qb6 16. f4 Rac8 17. f5 exf5 18. Rc1 g6 19. Nf3 Rfe8 20. Rc2 Nf8 21. Qc1 Qb7
22. Rc5 b4 23. Re2 Ne6 24. Rec2 Bxc5 25. dxc5 d4 26. c6 Qb5 27. Rc4 Red8 28.
Nxd4 Nxd4 29. Bxd4 Qd5+ 30. Kf2 Rxc6 31. Rxc6 Qxd4+ 32. Qe3 Qd2+ 33. Qxd2 Rxd2+
34. Ke3 Rxa2 35. h4 Ra3 36. Kf4 Rxb3 37. Rc8+ Kg7 38. Rc7 Rc3 39. Rxa7 Rc4+ 40.
Kf3 Re4 41. Re7 Kf8 42. Rb7 h6 43. Rb6 Ke7 44. h5 Rg4 45. Ra6 gxh5 46. Rxh6 Rg6
47. Rxh5 Rb6 48. Rh1 b3 49. Ke3 b2 50. Rb1 Ke6 51. Kd3 Kd5 52. Kc2 Kc4 0-1

[Event "Znojemska rotunda 2002"]
[Site "?"]
[Date "2002.??.??"]
[Round "7"]
[White "Pokorny, Jan"]
[Black "Rulfova, Zuzana"]
[Result "1-0"]
[WhiteElo "1690"]
[BlackElo "1405"]
[PlyCount "105"]

1. e4 e5 2. Nf3 Nc6 3. Bb5 Nf6 4. O-O d6 5. d4 Bd7 6. c3 Qe7 7. Qc2 g6 8. Nbd2
a6 9. Be2 Bg7 10. b3 O-O 11. a4 Rfe8 12. d5 Na7 13. c4 b5 14. Ba3 c5 15. dxc6
Bxc6 16. cxb5 axb5 17. axb5 Bxb5 18. Nc4 Nc8 19. Rfd1 Rd8 20. Kf1 Bf8 21. Ne3
Qb7 22. Nd5 Nxd5 23. exd5 Bxe2+ 24. Kxe2 Nb6 25. Qc6 Qa6+ 26. Ke1 Rdc8 27. Bb2
Rxc6 28. Rxa6 Rxa6 29. dxc6 Nc8 30. Rc1 Rb6 31. Nd2 Bh6 32. Rc3 Bg7 33. Ne4 d5
34. Rd3 d4 35. c7 Rc6 36. f4 Rxc7 37. Nd2 Re7 38. fxe5 Bxe5 39. Kd1 Rd7 40. Nf3
f6 41. Bxd4 Bxd4 42. Rxd4 Rc7 43. Kd2 Kf7 44. Kd3 Ke7 45. Rc4 Rxc4 46. Kxc4
Nb6+ 47. Kc5 Nd7+ 48. Kd5 Nb6+ 49. Kc6 Nd7 50. b4 Ne5+ 51. Nxe5 fxe5 52. Kd5
Kd7 53. Kxe5 1-0

[Event "Znojemska rotunda 2002"]
[Site "?"]
[Date "2002.??.??"]
[Round "7"]
[White "Mlensky, Dalibor"]
[Black "Dobes, Oldrich"]
[Result "0-1"]
[WhiteElo "2095"]
[BlackElo "2024"]
[PlyCount "120"]

1. e4 c5 2. Nf3 d6 3. d4 cxd4 4. Nxd4 Nf6 5. Nc3 a6 6. g3 e6 7. Bg2 Be7 8. O-O
O-O 9. h3 Qc7 10. Be3 Bd7 11. g4 Be8 12. g5 Nfd7 13. f4 Nc6 14. Nce2 Nxd4 15.
Nxd4 Nb8 16. f5 e5 17. f6 exd4 18. Bxd4 Bb5 19. fxg7 Re8 20. Rxf7 Kxf7 21. Qh5+
Kg8 22. g6 hxg6 23. Qd5+ Kh7 24. g8=Q+ Rxg8 25. Qf7+ Kh6 26. Be3+ g5 27. Qxg8
Qc4 28. Qh8+ Kg6 29. Bf3 Kf7 30. Bh5+ Ke6 31. Bg4+ Kf7 32. Rd1 Bf6 33. Bh5+ Ke7
34. Qh7+ Kf8 35. Qf5 Nd7 36. e5 Qh4 37. Bf3 Qg3+ 38. Kh1 Qxe5 39. Qxe5 Nxe5 40.
Rxd6 Be7 41. Bxb7 Rb8 42. Re6 Rxb7 43. Rxe5 Bc6+ 44. Kg1 Rxb2 45. Bc5 Bxc5+ 46.
Rxc5 Bd7 47. a3 Bxh3 48. Rxg5 Rxc2 49. Rg6 Bc8 50. Rg3 Ke7 51. Kf1 Kd6 52. Ke1
Kd5 53. Kd1 Rh2 54. Kc1 Bf5 55. Rc3 Kd4 56. Rc6 Bd3 57. a4 Bc4 58. Rd6+ Kc3 59.
Rd1 Bd3 60. Re1 Ra2 0-1

[Event "Znojemska rotunda 2002"]
[Site "?"]
[Date "2002.??.??"]
[Round "7"]
[White "Michalcak, Lubomir"]
[Black "Sochor, Stanislav"]
[Result "1/2-1/2"]
[WhiteElo "2046"]
[BlackElo "2046"]
[PlyCount "29"]

1. d4 d5 2. c4 e6 3. Nc3 c5 4. cxd5 exd5 5. Nf3 Nc6 6. g3 Nf6 7. Bg2 Be7 8. O-O
O-O 9. Bg5 cxd4 10. Nxd4 h6 11. Be3 Re8 12. Qb3 Na5 13. Qc2 Bb4 14. b3 Bg4 15.
a3 1/2-1/2

[Event "Znojemska rotunda 2002"]
[Site "?"]
[Date "2002.??.??"]
[Round "7"]
[White "Valenta, Vit"]
[Black "Skaroupka, Jiri"]
[Result "0-1"]
[WhiteElo "2075"]
[BlackElo "2059"]
[PlyCount "86"]

1. e4 d6 2. d4 Nf6 3. Nc3 g6 4. Bg5 Bg7 5. e5 Nfd7 6. Nd5 f6 7. exf6 exf6 8.
Qe2+ Kf7 9. Qc4 b5 10. Qb3 Re8+ 11. Be3 Kf8 12. Nf4 c6 13. Ne6+ Rxe6 14. Qxe6
Nc5 15. Qxc8 Qxc8 16. dxc5 d5 17. Nf3 Nd7 18. c3 Kf7 19. Be2 Nf8 20. O-O Ne6
21. a4 a6 22. Nd2 f5 23. Nb3 Bf8 24. Rfe1 h5 25. f4 Qb8 26. axb5 axb5 27. g3
Ra4 28. Na5 Qa8 29. Nb3 Bxc5 30. Bxc5 Nxc5 31. Rxa4 Nxa4 32. Nd4 Nxb2 33. Nf3
Nc4 34. Ng5+ Kg8 35. Bxc4 dxc4 36. Kg2 c5+ 37. Kh3 b4 38. Re6 bxc3 39. Rxg6+
Kf8 40. Rf6+ Ke7 41. Re6+ Kd7 42. Re1 c2 43. Rc1 Qa2 0-1

[Event "Znojemska rotunda 2002"]
[Site "?"]
[Date "2002.??.??"]
[Round "7"]
[White "Kubicek, Martin"]
[Black "Belunek, Zdenek"]
[Result "0-1"]
[WhiteElo "1585"]
[BlackElo "1859"]
[PlyCount "124"]

1. e4 e5 2. Nf3 Nc6 3. Bb5 a6 4. Bxc6 dxc6 5. Nxe5 Qd4 6. Ng4 Qxe4+ 7. Ne3 Nf6
8. O-O Bd6 9. Nc3 Qg6 10. d3 Be6 11. Re1 O-O-O 12. Ne2 h5 13. a3 h4 14. b4 Ng4
15. Nxg4 Bxg4 16. Qd2 Rde8 17. Bb2 Bh3 18. g3 hxg3 19. Nxg3 Be6 20. f4 Qg4 21.
Be5 Bxe5 22. fxe5 Bd5 23. Qf2 Kb8 24. c4 Be6 25. Re4 Qg5 26. Rae1 Rd8 27. R4e3
Rh4 28. Kf1 Rf4 29. Rf3 Rxf3 30. Qxf3 Qd2 31. Qe2 Rxd3 32. Qxd2 Rxd2 33. c5
Rxh2 34. Kg1 Ra2 35. Re3 Bd5 36. Ne2 Rb2 37. Nd4 g6 38. Kf1 Rd2 39. Nf3 Bc4+
40. Ke1 Rd3 41. Kf2 Kc8 42. Ng5 Rxe3 43. Kxe3 Kd7 44. Kf4 b6 45. Ke4 Bd5+ 46.
Kf4 a5 47. Nh7 axb4 48. axb4 bxc5 49. bxc5 Ke7 50. Nf6 Ke6 51. Ng4 Bh1 52. Ne3
g5+ 53. Kxg5 Kxe5 54. Ng4+ Kd4 55. Kf6 Bd5 56. Ne5 Kxc5 57. Ke7 Kd4 58. Nd7 c5
59. Nb8 c4 60. Na6 c5 61. Kd6 c3 62. Nc7 Bc4 0-1

[Event "Znojemska rotunda 2002"]
[Site "?"]
[Date "2002.??.??"]
[Round "7"]
[White "Tejkal, Jiri"]
[Black "Bastyr, Pavel"]
[Result "1-0"]
[WhiteElo "2053"]
[BlackElo "1518"]
[PlyCount "67"]

1. c4 e5 2. Nc3 Nf6 3. g3 Bb4 4. Bg2 O-O 5. d3 c6 6. a3 Bxc3+ 7. bxc3 Qb6 8.
Qc2 Ng4 9. e3 f5 10. h3 Nf6 11. Ne2 d6 12. O-O Be6 13. Rd1 Nbd7 14. a4 Rab8 15.
Ba3 Qc7 16. d4 e4 17. d5 cxd5 18. Nd4 Rfe8 19. Nb5 Qc6 20. cxd5 Nxd5 21. c4
Rbc8 22. Nxd6 N5b6 23. Nxe8 Rxe8 24. Bf1 Ne5 25. Rd6 Qc7 26. c5 Nbc4 27. Rxe6
Nxa3 28. Rxe8+ Kf7 29. Rxa3 Kxe8 30. Be2 Kf7 31. Qb3+ Kf6 32. Qc3 Kg6 33. Ra1
Qd7 34. Qxe5 1-0

[Event "Znojemska rotunda 2002"]
[Site "?"]
[Date "2002.??.??"]
[Round "7"]
[White "Parak, Dominik"]
[Black "Svoboda, Antonin"]
[Result "1-0"]
[WhiteElo "1978"]
[BlackElo "1861"]
[PlyCount "65"]

1. e4 d6 2. d4 Nf6 3. Nc3 g6 4. Nf3 Bg7 5. Bd3 O-O 6. O-O Nbd7 7. Ne2 c5 8. c3
cxd4 9. cxd4 e5 10. Bg5 Qe8 11. Ng3 h6 12. Bd2 exd4 13. Bb4 Nc5 14. Nxd4 Nfxe4
15. Bxe4 Qe5 16. Nf3 Qxb2 17. Rb1 Qxa2 18. Qxd6 Nxe4 19. Nxe4 Bf5 20. Nf6+ Bxf6
21. Qxf6 Rfc8 22. Rbc1 Qe6 23. Qh4 Kg7 24. Bc3+ f6 25. Rfe1 Qf7 26. Nd4 Bd7 27.
Qe4 Rc7 28. h4 h5 29. Qf4 Rc4 30. Re4 Rac8 31. Rce1 Re8 32. Nf5+ Bxf5 33. Rxc4
1-0

[Event "Znojemska rotunda 2002"]
[Site "?"]
[Date "2002.??.??"]
[Round "7"]
[White "Blazkova, Petra"]
[Black "Dvorak, Tomas"]
[Result "1/2-1/2"]
[WhiteElo "2132"]
[BlackElo "2300"]
[PlyCount "27"]

1. e4 c5 2. c3 d5 3. exd5 Qxd5 4. d4 g6 5. Nf3 Bg7 6. Na3 cxd4 7. Nb5 Na6 8.
Be3 Nf6 9. Qxd4 b6 10. O-O-O Qxd4 11. Nbxd4 O-O 12. Nc6 Re8 13. Nfe5 Bb7 14.
Bc4 1/2-1/2

[Event "Znojemska rotunda 2002"]
[Site "?"]
[Date "2002.??.??"]
[Round "7"]
[White "Talpa, Pavel"]
[Black "Petlak, Josef sr"]
[Result "1/2-1/2"]
[WhiteElo "1854"]
[BlackElo "1959"]
[PlyCount "80"]

1. d4 Nf6 2. Nf3 e6 3. Bg5 Be7 4. e3 d5 5. Nbd2 O-O 6. Bd3 b6 7. Ne5 c5 8. c3
Nfd7 9. Bxe7 Qxe7 10. f4 f6 11. Nxd7 Nxd7 12. O-O g6 13. e4 cxd4 14. cxd4 Qb4
15. Nb3 Bb7 16. e5 f5 17. a3 Qa4 18. Bc2 Rac8 19. Nc5 Qc6 20. Nxb7 Qxb7 21. Qd2
b5 22. Bd3 a6 23. Rac1 Nb6 24. b3 Rxc1 25. Rxc1 Rc8 26. Rc3 Rxc3 27. Qxc3 Qc8
28. Qc5 Qxc5 29. dxc5 Na8 30. b4 Kf8 31. Kf2 Ke7 32. Ke3 Kd7 33. Be2 Nc7 34. g4
a5 35. Kd4 axb4 36. axb4 Kc6 37. gxf5 gxf5 38. Bh5 Kd7 39. Be2 Kc6 40. Bh5 Kd7
1/2-1/2

[Event "Znojemska rotunda 2002"]
[Site "?"]
[Date "2002.??.??"]
[Round "7"]
[White "Doeekal, Jan"]
[Black "Roesner, Tomas"]
[Result "1-0"]
[WhiteElo "1925"]
[BlackElo "1808"]
[PlyCount "61"]

1. Nf3 f5 2. d4 Nf6 3. Bg5 e6 4. Nbd2 d5 5. e3 Be7 6. Ne5 O-O 7. f4 Nbd7 8.
Ndf3 Ne4 9. Bxe7 Qxe7 10. Nxd7 Bxd7 11. c3 a6 12. Bd3 Nd6 13. a4 b5 14. a5 b4
15. O-O Rfb8 16. Qe2 Bb5 17. Ne5 bxc3 18. bxc3 Bxd3 19. Qxd3 Qe8 20. c4 dxc4
21. Nxc4 Qb5 22. Rfc1 Qb3 23. Rc3 Qb5 24. Rc2 Qb3 25. Qe2 Rb5 26. Rac1 Nxc4 27.
Rxc4 Rxa5 28. Rxc7 h6 29. Kh1 Ra3 30. Qh5 Kh8 31. Rxg7 1-0

[Event "Znojemska rotunda 2002"]
[Site "?"]
[Date "2002.??.??"]
[Round "7"]
[White "Petlak, Josef jr"]
[Black "Fojtik, Tomas"]
[Result "0-1"]
[WhiteElo "1525"]
[BlackElo "2107"]
[PlyCount "54"]

1. e4 e6 2. d4 d5 3. exd5 exd5 4. Bd3 Nc6 5. c3 Bd6 6. Nf3 Bg4 7. O-O Nge7 8.
Bg5 f6 9. Bh4 Qd7 10. Nbd2 g5 11. Bg3 h5 12. Bxd6 Qxd6 13. Qc2 O-O-O 14. b4
Rdf8 15. a4 h4 16. a5 Bxf3 17. Nxf3 g4 18. Bf5+ Nxf5 19. Qxf5+ Kb8 20. Nd2 Ne7
21. Qd3 f5 22. c4 f4 23. c5 Qf6 24. b5 f3 25. g3 hxg3 26. fxg3 f2+ 27. Kg2
Rxh2+ 0-1

[Event "Znojemska rotunda 2002"]
[Site "?"]
[Date "2002.??.??"]
[Round "8"]
[White "Dobes, Oldrich"]
[Black "Holemar, David"]
[Result "0-1"]
[WhiteElo "2024"]
[BlackElo "2284"]
[PlyCount "38"]

1. e4 c5 2. Nf3 Nc6 3. d4 cxd4 4. Nxd4 e5 5. Nb5 d6 6. a4 Nf6 7. N1c3 a6 8. Na3
Bg4 9. f3 Be6 10. Bc4 Rc8 11. Bd5 Bxd5 12. Nxd5 Nxd5 13. Qxd5 Qh4+ 14. g3 Qh3
15. Bd2 Be7 16. c3 O-O 17. Nc4 Qg2 18. O-O-O Qxf3 19. Rhf1 Qe2 0-1

[Event "Znojemska rotunda 2002"]
[Site "?"]
[Date "2002.??.??"]
[Round "8"]
[White "Valenta, Vit"]
[Black "Most, Zdenek"]
[Result "0-1"]
[WhiteElo "2075"]
[BlackElo "2118"]
[PlyCount "68"]

1. e4 d6 2. d4 Nf6 3. Nc3 g6 4. Bg5 c6 5. f4 Qb6 6. Rb1 Bg7 7. e5 dxe5 8. fxe5
Nd5 9. Nxd5 cxd5 10. Qd2 Nc6 11. Nf3 Bf5 12. Be2 Rc8 13. Be3 Nb4 14. Rc1 Nxa2
15. c3 Nxc1 16. Qxc1 Bg4 17. O-O O-O 18. h3 Bxf3 19. Bxf3 Rcd8 20. b4 a6 21. h4
f6 22. h5 fxe5 23. dxe5 Qe6 24. Bd4 Bxe5 25. Re1 Bxd4+ 26. cxd4 Qf6 27. Re5 e6
28. hxg6 hxg6 29. Qe1 Rd6 30. Bg4 Re8 31. Qg3 Rc6 32. Bh3 Kf7 33. Bg4 Rc4 34.
Be2 Rc1+ 0-1

[Event "Znojemska rotunda 2002"]
[Site "?"]
[Date "2002.??.??"]
[Round "8"]
[White "Sochor, Stanislav"]
[Black "Parak, Dominik"]
[Result "1-0"]
[WhiteElo "2056"]
[BlackElo "1978"]
[PlyCount "41"]

1. d4 Nf6 2. Nf3 g6 3. g3 Bg7 4. Bg2 O-O 5. O-O d6 6. c4 Nc6 7. Nc3 a6 8. d5
Nb8 9. h3 Nbd7 10. e4 Nb6 11. Qe2 e5 12. Bd2 Bd7 13. b4 Na4 14. Nxa4 Bxa4 15.
Rfc1 h6 16. Ne1 Nh7 17. b5 f5 18. Rab1 Nf6 19. Rb4 axb5 20. cxb5 Nd7 21. Qc4
1-0

[Event "Znojemska rotunda 2002"]
[Site "?"]
[Date "2002.??.??"]
[Round "8"]
[White "Blazkova, Petra"]
[Black "Adam, Petr sr"]
[Result "1-0"]
[WhiteElo "2132"]
[BlackElo "2108"]
[PlyCount "63"]

1. e4 c5 2. Nf3 e6 3. d4 cxd4 4. Nxd4 a6 5. Nc3 Qc7 6. g3 Nc6 7. Bg2 Nf6 8. O-O
Be7 9. Re1 O-O 10. Nxc6 bxc6 11. e5 Ne8 12. Bf4 Qb6 13. Qd3 Qxb2 14. Rab1 Qa3
15. Be3 Bb4 16. Rb3 Qa5 17. Bd2 Rb8 18. Reb1 c5 19. Ne4 Qc7 20. Nxc5 Qxc5 21.
Bxb4 Rxb4 22. Rxb4 Qxe5 23. Qe3 Qc7 24. c4 Nf6 25. Rb8 d6 26. Qb6 Qxc4 27. Bc6
g6 28. Qc7 Nd5 29. Qxd6 Qxa2 30. Bd7 Kg7 31. Rc1 Bxd7 32. Qxf8+ 1-0

[Event "Znojemska rotunda 2002"]
[Site "?"]
[Date "2002.??.??"]
[Round "8"]
[White "Petlak, Josef sr"]
[Black "Pokorny, Jan"]
[Result "1/2-1/2"]
[WhiteElo "1959"]
[BlackElo "1690"]
[PlyCount "76"]

1. e4 c5 2. Nf3 d6 3. d4 cxd4 4. Nxd4 Nf6 5. Nc3 g6 6. Bc4 Bg7 7. O-O O-O 8.
Bb3 a6 9. a4 Nc6 10. Nf3 Bg4 11. h3 Bxf3 12. Qxf3 Nd4 13. Qd3 Nxb3 14. cxb3 Rc8
15. b4 Nd7 16. f4 Nb6 17. a5 Nc4 18. Rf2 Kh8 19. Rc2 b6 20. Kh2 bxa5 21. bxa5
Nxa5 22. Qxa6 Ra8 23. Qd3 Nc6 24. Rxa8 Qxa8 25. Qc4 Nd4 26. Rf2 Qc6 27. Qxc6
Nxc6 28. g4 Rc8 29. Be3 Nb4 30. Rd2 Bxc3 31. bxc3 Na6 32. Bd4+ Kg8 33. e5 dxe5
34. fxe5 Nc7 35. Bc5 Ne6 36. Bxe7 Rxc3 37. Bf6 g5 38. Rb2 h6 1/2-1/2

[Event "Znojemska rotunda 2002"]
[Site "?"]
[Date "2002.??.??"]
[Round "8"]
[White "Fojtik, Tomas"]
[Black "Jurica, Peter"]
[Result "1-0"]
[WhiteElo "2107"]
[BlackElo "2142"]
[PlyCount "55"]

1. d4 g6 2. c4 f5 3. Nc3 Nf6 4. Nf3 Bg7 5. g3 O-O 6. Bg2 d6 7. O-O c6 8. Bg5
Qb6 9. Qc2 Re8 10. c5 Qa5 11. Bd2 Qc7 12. Bf4 h6 13. cxd6 exd6 14. Nb5 Qd8 15.
Nxd6 Re6 16. Nxc8 Qxc8 17. Ne5 Qe8 18. Qb3 Nbd7 19. Nxg6 Nd5 20. Bxd5 cxd5 21.
Nh4 Nb6 22. Nxf5 Bf8 23. Ne3 Qh5 24. Rfe1 Bg7 25. Be5 Bxe5 26. Nxd5 Rae8 27.
dxe5 Qxe5 28. Nf4 1-0

[Event "Znojemska rotunda 2002"]
[Site "?"]
[Date "2002.??.??"]
[Round "8"]
[White "Antos, Jakub"]
[Black "Michalcak, Lubomir"]
[Result "1/2-1/2"]
[WhiteElo "1675"]
[BlackElo "2046"]
[PlyCount "72"]

1. e4 c6 2. d4 d5 3. exd5 cxd5 4. c4 Nf6 5. Nc3 g6 6. Nf3 Bg7 7. Bd3 O-O 8. O-O
Bg4 9. c5 Nc6 10. Be3 b6 11. Qa4 Bd7 12. Bb5 Qc7 13. b4 bxc5 14. bxc5 e6 15. h3
a6 16. Bxc6 Bxc6 17. Qc2 Nd7 18. Rab1 Rab8 19. Rfd1 Rfd8 20. Qd2 a5 21. Re1 a4
22. Bf4 e5 23. Nxe5 Rxb1 24. Nxb1 Nxe5 25. Bxe5 Bxe5 26. Rxe5 Rb8 27. Nc3 a3
28. Qe3 Rb2 29. h4 Bb5 30. Re7 Qd8 31. Nxb5 Kf8 32. Rb7 Rb1+ 33. Kh2 Qxh4+ 34.
Qh3 Qf4+ 35. Qg3 Qh6+ 36. Qh3 Qf4+ 1/2-1/2

[Event "Znojemska rotunda 2002"]
[Site "?"]
[Date "2002.??.??"]
[Round "8"]
[White "Skaroupka, Jiri"]
[Black "Dvorak, Tomas"]
[Result "1/2-1/2"]
[WhiteElo "2059"]
[BlackElo "2300"]
[PlyCount "116"]

1. Nf3 Nf6 2. c4 c5 3. Nc3 e6 4. g3 b6 5. Bg2 Bb7 6. d4 cxd4 7. Qxd4 Nc6 8. Qf4
Be7 9. O-O O-O 10. Rd1 d6 11. b3 a6 12. Ba3 e5 13. Qd2 Qe8 14. Qe3 d5 15. Bxe7
d4 16. Nxd4 exd4 17. Rxd4 Nxd4 18. Bxf8 Qxe3 19. fxe3 Nxb3 20. Bxb7 Nxa1 21.
Bxa8 Kxf8 22. Bb7 a5 23. Na4 Nc2 24. Nxb6 Nxe3 25. c5 Ke7 26. Kf2 Nd1+ 27. Kf3
Nc3 28. a3 Kd8 29. Nc4 Kc7 30. Nxa5 Nb5 31. Be4 Nxe4 32. Kxe4 Nxa3 33. Kd5 Nb5
34. Kc4 Na3+ 35. Kd4 Nc2+ 36. Ke4 Nb4 37. e3 Nc2 38. Kd3 Ne1+ 39. Ke4 Nc2 40.
Kd3 Ne1+ 41. Ke2 Nc2 42. Kf3 Ne1+ 43. Ke4 Nc2 44. Nb3 Nb4 45. Nd4 g6 46. g4 h6
47. Ke5 Nd3+ 48. Kf6 Nf2 49. Kxf7 Nxg4 50. e4 Ne5+ 51. Ke6 Ng4 52. Nf3 g5 53.
Kf5 Nf2 54. e5 Nd3 55. e6 Nxc5 56. e7 Kd7 57. Kf6 Ke8 58. Nd4 Nd7+ 1/2-1/2

[Event "Znojemska rotunda 2002"]
[Site "?"]
[Date "2002.??.??"]
[Round "8"]
[White "Vlk, Miroslav"]
[Black "Doeekal, Jan"]
[Result "1-0"]
[WhiteElo "2160"]
[BlackElo "1925"]
[PlyCount "97"]

1. d4 Nf6 2. c4 e5 3. dxe5 Ng4 4. Nf3 Nc6 5. e3 Bb4+ 6. Nbd2 O-O 7. Be2 Ngxe5
8. O-O a5 9. Nxe5 Nxe5 10. Nf3 Ng6 11. a3 Bc5 12. b3 c6 13. Bb2 Re8 14. Qc2 Qe7
15. Qc3 f6 16. Rfd1 b6 17. Bf1 d5 18. cxd5 cxd5 19. Rxd5 Bb7 20. Rdd1 Kh8 21.
Nd4 Nh4 22. Qc4 Rac8 23. Nb5 Ng6 24. Qg4 Ne5 25. Qh4 Qe6 26. b4 Ng6 27. Qg3
axb4 28. axb4 Bxb4 29. Nc7 Rxc7 30. Qxc7 Bd5 31. Ra7 Ne7 32. Qd7 Qg8 33. Ba3
Rd8 34. Qc7 Rc8 35. Qxb6 Bxa3 36. Rxa3 Nc6 37. Rad3 Rb8 38. Qc7 Nb4 39. Rd4 f5
40. Qc5 Bb3 41. Bc4 Bxc4 42. Qxc4 Qxc4 43. Rxc4 h6 44. h3 Na6 45. Ra1 Rb6 46.
Rac1 Rb2 47. Rc6 Nb8 48. Rc7 Rb6 49. Rf7 1-0

[Event "Znojemska rotunda 2002"]
[Site "?"]
[Date "2002.??.??"]
[Round "8"]
[White "Blazek, Milos"]
[Black "Jelen, Jiri"]
[Result "0-1"]
[WhiteElo "2113"]
[BlackElo "1995"]
[PlyCount "122"]

1. e4 c6 2. d4 d5 3. Nc3 dxe4 4. Nxe4 Bf5 5. Ng3 Bg6 6. h4 h6 7. h5 Bh7 8. Nf3
e6 9. Bd3 Bxd3 10. Qxd3 Bd6 11. Ne4 Bc7 12. Bd2 Nf6 13. O-O-O Nbd7 14. Kb1 Nxe4
15. Qxe4 Nf6 16. Qe2 Qd5 17. Rh4 O-O-O 18. Ne5 Bxe5 19. dxe5 Ne8 20. Ra4 Kb8
21. Rxa7 Nc7 22. Ra5 Qd4 23. Ra3 Rd5 24. f4 Rhd8 25. Rd3 Qc4 26. Be3 Qb4 27. c4
Rxd3 28. Rxd3 Rxd3 29. Qxd3 Kc8 30. a3 Qe7 31. Bf2 Ne8 32. Qd4 f6 33. Qa7 Nc7
34. Bc5 Qf7 35. Bd6 Qxh5 36. Qa5 Qf7 37. b4 fxe5 38. Bxe5 Qd7 39. Kc2 b5 40.
Kc3 g5 41. fxg5 hxg5 42. Qb6 g4 43. Bxc7 Qxc7 44. Qxc7+ Kxc7 45. cxb5 cxb5 46.
Kd4 Kd6 47. Ke4 e5 48. Kf5 Kd5 49. Kxg4 Ke4 50. Kh5 Kd3 51. a4 bxa4 52. b5 a3
53. b6 a2 54. b7 a1=Q 55. b8=Q Qh1+ 56. Kg5 Qxg2+ 57. Kf5 Qf3+ 58. Kg6 e4 59.
Qb3+ Ke2 60. Qc2+ Kf1 61. Kh7 Qh1+ 0-1

[Event "Znojemska rotunda 2002"]
[Site "?"]
[Date "2002.??.??"]
[Round "8"]
[White "Dvorak, Libor"]
[Black "Tejkal, Jiri"]
[Result "1-0"]
[WhiteElo "2046"]
[BlackElo "2053"]
[PlyCount "101"]

1. Nf3 Nf6 2. g3 e6 3. Bg2 d5 4. c4 c6 5. b3 Nbd7 6. Bb2 Qb6 7. Qc2 Ne4 8. O-O
f5 9. d3 Nef6 10. Nbd2 Bc5 11. h3 O-O 12. a3 a5 13. Bc3 d4 14. b4 dxc3 15. bxc5
Qxc5 16. Qxc3 Rd8 17. Rab1 Qd6 18. d4 h6 19. e3 Re8 20. Ne5 Qc7 21. f4 Nxe5 22.
dxe5 Nh7 23. c5 Ra6 24. Nc4 Kh8 25. Nd6 Rg8 26. Rfd1 g5 27. Rd2 b6 28. cxb6
Rxb6 29. Rxb6 Qxb6 30. Qxc6 Qxe3+ 31. Rf2 gxf4 32. gxf4 Qe1+ 33. Rf1 Qe3+ 34.
Kh1 Nf8 35. Nxc8 Rg3 36. Ne7 Qxa3 37. Nxf5 exf5 38. Qf6+ Kg8 39. Bd5+ Kh7 40.
Qf7+ Kh8 41. Qf6+ Kh7 42. Qxf5+ Kh8 43. Bg2 Qe7 44. Rb1 Qd8 45. e6 Ng6 46. e7
Nxe7 47. Qe5+ Rg7 48. Rb8 Nc8 49. Qc3 Qd1+ 50. Kh2 Kh7 51. Be4+ 1-0

[Event "Znojemska rotunda 2002"]
[Site "?"]
[Date "2002.??.??"]
[Round "8"]
[White "Roesner, Tomas"]
[Black "Belunek, Zdenek"]
[Result "1-0"]
[WhiteElo "1808"]
[BlackElo "1859"]
[PlyCount "97"]

1. e4 e5 2. Nf3 Nc6 3. d4 exd4 4. Bc4 Nf6 5. O-O Be7 6. Re1 d6 7. Nxd4 Ne5 8.
Bf1 O-O 9. Nc3 Re8 10. b3 Bg4 11. f3 Bd7 12. Bb2 a6 13. Qd2 Nh5 14. Nd5 Bh4 15.
g3 c6 16. f4 cxd5 17. fxe5 Bg5 18. Qe2 dxe5 19. Qxh5 exd4 20. exd5 Be3+ 21.
Rxe3 dxe3 22. Bd3 f5 23. g4 Qb6 24. Re1 Qg6 25. Qh4 Qxg4+ 26. Qxg4 fxg4 27. c4
Rac8 28. Bd4 g6 29. c5 Bf5 30. Bc4 Kf8 31. Bxe3 Rxe3 32. Rxe3 Rxc5 33. d6 b5
34. Be6 Rc1+ 35. Kf2 Rd1 36. d7 Bxe6 37. Rxe6 Rxd7 38. Rxa6 Kg7 39. Kg3 h5 40.
Rc6 Rd3+ 41. Kf4 Rf3+ 42. Kg5 Rf5+ 43. Kh4 Kh6 44. Rc3 Rf3 45. Rxf3 gxf3 46.
Kg3 b4 47. Kxf3 g5 48. Ke4 g4 49. Kf5 1-0

[Event "Znojemska rotunda 2002"]
[Site "?"]
[Date "2002.??.??"]
[Round "8"]
[White "Svoboda, Antonin"]
[Black "Talpa, Pavel"]
[Result "1/2-1/2"]
[WhiteElo "1861"]
[BlackElo "1853"]
[PlyCount "26"]

1. Nf3 d5 2. d4 e6 3. c4 c6 4. Nc3 f5 5. g3 Nf6 6. Bg2 Bd6 7. Bf4 O-O 8. Bxd6
Qxd6 9. Qd3 Ne4 10. c5 Qe7 11. Ne5 Qf6 12. O-O Nxc5 13. Qd2 Ncd7 1/2-1/2